2022 FIFA World Cup Group D - Tunisia - France - Statistics

General Stats
  • This quiz has been taken 65 times
  • The average score is 15 of 32
Answer Stats
Player % Correct
Kylian Mbappé
94%
Antoine Griezmann
92%
Adrien Rabiot
75%
Raphaël Varane
73%
Kingsley Coman
71%
Randal Kolo Muani
71%
Aurélien Tchouaméni
69%
Ousmane Dembélé
69%
Steve Mandanda
69%
Wahbi Khazri ¹
67%
Didier Deschamps
65%
Ibrahima Konaté
63%
Eduardo Camavinga
61%
Youssouf Fofana
51%
Matteo Guendouzi
49%
Axel Disasi
43%
Aïssa Laïdouni
37%
Jordan Veretout
35%
William Saliba
35%
Ellyes Skhiri
33%
Aymen Dahmen
31%
Montassar Talbi
27%
Yassine Meriah
27%
Wajdi Kechrida
25%
Ali Abdi
24%
Ali Maâloul
24%
Anis Ben Slimane
24%
Issam Jebali
20%
Nader Ghandri
18%
Jalel Kadri
16%
Mohamed Ali Ben Romdhane
16%
Ghailene Chaalali
10%
No matching quizzes found
Score Distribution
Percent of People with Each Score
Percentile by Number Answered
Your Score History
You have not taken this quiz